Word Ladder: Hungary Quiz Stats

Quiz not verified by Sporcle

Challenge
Share
Tweet
Embed
Score 0/13 Timer 04:00
0 Plays Today
Clue Four letter word % Correct
★Merged with Pest, forming the capital of Hungary★★BUDA★
85.3%
MaizeCORN
80.7%
★Currently the 5, 10, 20, 50, 100 and 200 Forints are this★★COIN★
76.1%
Larger, have longer ears, and are less social than rabbitHARE
73.4%
★Prime Minister of Hungary between 1994-1998, Gyula★ or antler★HORN★
71.6%
★Bartók: Hungarian composer, pianist and an ethnomusicologis★★BÉLA★
64.2%
Landscape Architect Registration ExaminationLARE
60.6%
★E.g. Balaton, Fertő, Velencei, Hévíz★★LAKE★
60.6%
'dirt, filth'HORE
57.8%
★Car brand, common in Hungary under communist rule★★LADA★
56.9%
A greeting in FijianBULA
51.4%
To load oppressivelyLADE
49.5%
Korean singer or Discontinued operating system for mobile devicesBADA
47.7%

You're not logged in!

Compare scores with friends on all Sporcle quizzes.
Sign Up with Email
OR
Log In

You Might Also Like...

Show Comments

Extras

Top Quizzes Today


Score Distribution

Your Account Isn't Verified!

In order to create a playlist on Sporcle, you need to verify the email address you used during registration. Go to your Sporcle Settings to finish the process.